World furniture outlook 2005.
| Corporate Author: | |
|---|---|
| Format: | Book |
| Published: |
Milano:
CSIL,
2005.
|
| Subjects: |
| LEADER | 00392cam a2200133 7i4500 | ||
|---|---|---|---|
| 001 | 0000015462 | ||
| 005 | 20050506090000.0 | ||
| 090 | 0 | 0 | |a P 684.1 |b CEN |
| 110 | 2 | 0 | |a Centre for Industrial Studies (CSIL) |
| 245 | 2 | 0 | |a World furniture outlook 2005. |
| 260 | 0 | 0 | |a Milano: |b CSIL, |c 2005. |
| 300 | # | # | |a 99 p. |
| 650 | 0 | 0 | |a Furniture industry and trade |
| 999 | |a PNG000191B |b Book |c Products |e MATRADE Northern Regional Office | ||